Περί δημοκρατίας
Saved in:
| Main Author: | |
|---|---|
| Other Authors: | |
| Format: | Book |
| Language: | Greek English |
| Published: |
Αθήνα :
Ψυχογιός,
2001.
|
| Series: | Επιστήμες του ανθρώπου (Ψυχογιός) ;
4 |
| Subjects: | |
| Tags: |
Add Tag
No Tags, Be the first to tag this record!
|
MARC
| LEADER | 00000cam a2200000 i 4500 | ||
|---|---|---|---|
| 001 | 1/67191 | ||
| 008 | 020528s2001 gr | ||| |||| ||gre|| | ||
| 020 | |a 9602745266 | ||
| 035 | |l 10001855 | ||
| 040 | |a GR-MyUA |b gre |e AACR2 | ||
| 041 | 1 | |a gre |h eng | |
| 082 | 0 | |a 321.8 | |
| 100 | 1 | |a Dahl, Robert A., |d 1915-2014. | |
| 245 | 1 | 0 | |a Περί δημοκρατίας / |c Robert Dahl ; μετάφραση Βασίλης Κόρκας. |
| 260 | |a Αθήνα : |b Ψυχογιός, |c 2001. | ||
| 300 | |a 278 σ. ; |c 21 εκ. | ||
| 490 | 1 | |a (Επιστήμες του ανθρώπου |v ; 4) | |
| 500 | |a Τίτλος πρωτοτύπου: On democracy. | ||
| 504 | |a Περιέχει βιβλιογραφία. | ||
| 650 | 0 | 0 | |a Democracy. |
| 700 | 1 | |a Κόρκας, Βασίλης, |e trl | |
| 830 | 0 | |a Επιστήμες του ανθρώπου (Ψυχογιός) ; |v 4 | |
| 852 | |a INST |b LESVOS |e 20020528 |h 321.8 DAH |p 005100028324 |q 005100028324 |t BK |y 0 | ||
| 852 | |a INST |b LESVOS |e 20020528 |h 321.8 DAH |p 005100028325 |q 005100028325 |t BK |y 0 | ||
| 852 | |a INST |b LESVOS |e 20020528 |h 321.8 DAH |p 005100028326 |q 005100028326 |t BK |y 0 | ||
| 852 | |a INST |b LESVOS |e 20020528 |h 321.8 DAH |p 005100028327 |q 005100028327 |t BK |y 0 | ||
| 852 | |a INST |b LESVOS |e 20020528 |h 321.8 DAH |p 005100028328 |q 005100028328 |t BK |y 0 | ||
| 901 | |a BIBL1-2002-2 | ||
| 970 | |a ΜΟΥΣΤΑΚΑ |b ΠΗΝΕΛΟΠΗ |z 2002/05/28 | ||